| 000 | 00699nam a2200241 a 4500 | ||
|---|---|---|---|
| 001 | BS0003776 | ||
| 003 | BR-BrBNA | ||
| 005 | 20230418192418.0 | ||
| 008 | 230308b |||||||| |||| 00| 0 por d | ||
| 040 |
_aBR-BrBNA _bpor _cBiblioteca Nacional de Agricultura |
||
| 041 | _apor | ||
| 072 | _aR10 | ||
| 090 | _aR10 BS0003776 | ||
| 100 | 1 | _aMoura, Fernando | |
| 245 | 1 | _aVade-Mécum Lingua Portuguesa. Título IV: Lições de redação, prova discursiva / | |
| 250 | 1 | _a1.ed. | |
| 260 | 3 |
_aBrasília, DF: _bInstituto Fernando Moura de Estudos Linguísticos, _c2011. |
|
| 300 | _a269 p. | ||
| 650 | _aPORTUGUÊS | ||
| 650 | _aREDAÇÃO | ||
| 909 |
_a202304 _bSergio Santos _c56 _dSergio Santos |
||
| 942 | _cBK | ||
| 999 |
_c8841 _d8841 |
||